00605nam a2200193Ia 450000500170000000800410001702000150005808200150007310000320008824500760012026000340019630000190023065000170024965000140026665000130028094200060029395200970029999900150039620240425055436.0240331s9999 xx 000 0 und d a0822302683 bJAYa331.4 aJayawardena, Kumari Visakha 4aThe Rise of the Labour Movement in Ceylon c Visakha Kumari Jayawardena aSri LankabSanjiva Prakashana axvi, 382 p .,  aNationalisum aPolitical aEconomic cL 001040708LaWERCLbWERCLcSSCd2024-03-31l0o 331.4 JAYp6762r2024-03-31w2024-03-31yL c5772d5772